[Event "FIDE Candidates 2016"]
[Site "Moscow RUS"]
[Date "2016.03.21"]
[Round "9"]
[White "Giri, A."]
[Black "Caruana, F."]
[Result "1/2-1/2"]
[WhiteElo "2793"]
[BlackElo "2794"]
[PlyCount "191"]
[EventDate "2016.03.10"]

1. d4 Nf6 2. c4 g6 3. f3 d5 4. cxd5 Nxd5 5. e4 Nb6 6. Nc3 Bg7 7. Be3 O-O 8. Qd2
e5 9. d5 c6 10. h4 cxd5 11. exd5 Na6 12. h5 Nb4 13. hxg6 Bf5 14. gxh7+ Kh8 15.
Rd1 Nc2+ 16. Kf2 Nxe3 17. Qxe3 Bd7 18. Nh3 f5 19. f4 Rc8 20. g3 Nc4 21. Bxc4
Rxc4 22. fxe5 f4 23. Nxf4 Qg5 24. Rd4 Rxd4 25. Qxd4 Bxe5 26. Qb4 Rf7 27. Nce2
Bg4 28. Qe4 Qf6 29. Rh4 Bf5 30. Qe3 b6 31. b3 Re7 32. Qd2 Rc7 33. d6 Bxd6 34.
Qd5 Rf7 35. Kg2 Bc5 36. Rh5 Bg4 37. Rh6 Qxh6 38. Qxf7 Qc6+ 39. Nd5 Be6 40. Qf6+
Kxh7 41. Qh4+ Kg7 42. Qg5+ Kf8 43. Qf6+ Kg8 44. Qg6+ Kf8 45. Qh6+ Kg8 46. Qg5+
Kf8 47. Nef4 Bf7 48. Qe5 Kg8 49. Kh3 Qd6 50. Nf6+ Kf8 51. Qf5 Ke7 52. N6d5+ Kf8
53. Kg4 Bd4 54. Nc7 Be5 55. Ncd5 a5 56. Qc8+ Kg7 57. Ne3 Kh7 58. Qb7 Kg8 59.
Qa8+ Qb8 60. Qe4 Qd6 61. Nf5 Qd1+ 62. Ne2 Bg7 63. Nxg7 Kxg7 64. Qe5+ Kg6 65.
Kf3 Qd3+ 66. Kf2 Qc2 67. Qd6+ Kg7 68. Qd4+ Kg8 69. Qg4+ Kf8 70. Qa4 Be8 71.
Qa3+ Kg8 72. Qe7 Bf7 73. Qd8+ Kg7 74. Qd4+ Kg8 75. Qa4 Qd2 76. Qg4+ Kf8 77.
Qc8+ Ke7 78. Qc7+ Kf8 79. a3 Bxb3 80. Qb8+ Kf7 81. Qb7+ Kg8 82. Qxb6 Qa2 83.
Qd8+ Kf7 84. Qd7+ Kg8 85. Qe8+ Kg7 86. Qe7+ Bf7 87. g4 Qd2 88. Qc5 Be6 89. Qe5+
Kf7 90. g5 Qa2 91. Qf6+ Ke8 92. Qh8+ Ke7 93. Qh7+ Kf8 94. Qh8+ Ke7 95. Qg7+ Ke8
96. Qh8+ 1/2-1/2

[Event "FIDE Candidates 2016"]
[Site "Moscow RUS"]
[Date "2016.03.23"]
[Round "10"]
[White "Karjakin, Sergey"]
[Black "Giri, A."]
[Result "1/2-1/2"]
[WhiteElo "2760"]
[BlackElo "2793"]
[PlyCount "63"]
[EventDate "2016.03.10"]

1. Nf3 d5 2. d4 Nf6 3. c4 c6 4. Nc3 e6 5. e3 Nbd7 6. Qc2 Bd6 7. Be2 O-O 8. O-O
dxc4 9. Bxc4 b5 10. Bd3 Bb7 11. a3 Rc8 12. b4 a5 13. Qb3 e5 14. Ne4 Nxe4 15.
Bxe4 g6 16. dxe5 Nxe5 17. Nxe5 Bxe5 18. Bb2 a4 19. Qc2 Bxb2 20. Qxb2 Qe7 21.
Qc2 Rfe8 22. Bf3 c5 23. Bxb7 Qxb7 24. bxc5 Re5 25. Rfc1 Qc6 26. Rab1 Rxc5 27.
Qxc5 Qxc5 28. Rxc5 Rxc5 29. Kf1 h5 30. Ke2 Rc2+ 31. Kf3 Rc5 32. Ke4 1/2-1/2

[Event "FIDE Candidates 2016"]
[Site "Moscow RUS"]
[Date "2016.03.24"]
[Round "11"]
[White "Anand, V."]
[Black "Karjakin, Sergey"]
[Result "1-0"]
[WhiteElo "2762"]
[BlackElo "2760"]
[PlyCount "139"]
[EventDate "2016.03.10"]

1. e4 e5 2. Nf3 Nc6 3. Bb5 Nf6 4. d3 Bc5 5. c3 O-O 6. O-O d6 7. h3 Ne7 8. d4
Bb6 9. Bd3 d5 10. Nxe5 Nxe4 11. Nd2 Nd6 12. Nb3 c6 13. Nc5 Ng6 14. Qh5 Bxc5 15.
dxc5 Ne4 16. Bxe4 dxe4 17. Rd1 Qe7 18. Nxg6 hxg6 19. Qg5 Qxg5 20. Bxg5 f6 21.
Be3 g5 22. Rd6 Re8 23. Rad1 Be6 24. b3 Kf7 25. R1d4 Bf5 26. a4 Re7 27. g4 Bh7
28. b4 Bg8 29. b5 Rc8 30. Rd7 Rce8 31. b6 a6 32. Rc7 Kf8 33. c4 Be6 34. Rxe4
Kf7 35. f4 Rxc7 36. bxc7 Rc8 37. f5 Bd7 38. h4 g6 39. Rd4 Rxc7 40. hxg5 fxg5
41. Bxg5 Be8 42. f6 Kf8 43. Bf4 Rh7 44. Kg2 Bd7 45. Bg5 Be6 46. Rd8+ Kf7 47.
Rb8 Bxc4 48. Rxb7+ Kg8 49. Rb8+ Kf7 50. Kg3 Ke6 51. Re8+ Kf7 52. Rc8 Bd5 53.
Kf4 Ke6 54. Re8+ Kd7 55. Ra8 Ke6 56. Re8+ Kd7 57. Re3 a5 58. Kg3 Rf7 59. Kf4
Rh7 60. Re1 Kc8 61. Kg3 Rf7 62. Re8+ Kd7 63. Ra8 Kc7 64. Kf4 Rd7 65. Bh4 Kb7
66. Re8 Bf7 67. Re4 Bd5 68. Re3 Bf7 69. Kg5 Ka6 70. Re7 1-0